<?xml version="1.0" encoding="UTF-8"?>
<record
    xmlns:xsi="http://www.w3.org/2001/XMLSchema-instance"
    xsi:schemaLocation="http://www.loc.gov/MARC21/slim http://www.loc.gov/standards/marcxml/schema/MARC21slim.xsd"
    xmlns="http://www.loc.gov/MARC21/slim">

  <leader>00378nam a22001577a 4500</leader>
  <controlfield tag="005">20230111100642.0</controlfield>
  <controlfield tag="008">221220b        |||||||| |||| 00| 0 eng d</controlfield>
  <datafield tag="041" ind1=" " ind2=" ">
    <subfield code="a">eng</subfield>
  </datafield>
  <datafield tag="082" ind1=" " ind2=" ">
    <subfield code="a">624.151 RAH-F </subfield>
  </datafield>
  <datafield tag="100" ind1=" " ind2=" ">
    <subfield code="a">RAHAMAN , S K </subfield>
    <subfield code="9">7431</subfield>
  </datafield>
  <datafield tag="245" ind1=" " ind2=" ">
    <subfield code="a">FUNDAMENTAL OF GEOLOGY </subfield>
  </datafield>
  <datafield tag="260" ind1=" " ind2=" ">
    <subfield code="a">HYDERABAD </subfield>
    <subfield code="b">PLANET BOOK HOUSE </subfield>
  </datafield>
  <datafield tag="300" ind1=" " ind2=" ">
    <subfield code="a">6.41;P. </subfield>
  </datafield>
  <datafield tag="650" ind1=" " ind2=" ">
    <subfield code="a">MINING </subfield>
  </datafield>
  <datafield tag="942" ind1=" " ind2=" ">
    <subfield code="c">BK</subfield>
  </datafield>
  <datafield tag="999" ind1=" " ind2=" ">
    <subfield code="c">8169</subfield>
    <subfield code="d">8167</subfield>
  </datafield>
  <datafield tag="952" ind1=" " ind2=" ">
    <subfield code="0">0</subfield>
    <subfield code="1">0</subfield>
    <subfield code="4">0</subfield>
    <subfield code="7">0</subfield>
    <subfield code="8">REF</subfield>
    <subfield code="a">JRU</subfield>
    <subfield code="b">MAIN</subfield>
    <subfield code="c">SHELF-88-C</subfield>
    <subfield code="d">2022-11-09</subfield>
    <subfield code="e">LOHIA BOOK INTERNATIONAL</subfield>
    <subfield code="g">100.00</subfield>
    <subfield code="l">2</subfield>
    <subfield code="m">1</subfield>
    <subfield code="o">624.151-RAH-F </subfield>
    <subfield code="p">27223</subfield>
    <subfield code="r">2024-02-29 14:41:03</subfield>
    <subfield code="s">2024-02-26</subfield>
    <subfield code="w">2022-11-09</subfield>
    <subfield code="y">BK</subfield>
  </datafield>
  <datafield tag="952" ind1=" " ind2=" ">
    <subfield code="0">0</subfield>
    <subfield code="1">0</subfield>
    <subfield code="4">0</subfield>
    <subfield code="7">0</subfield>
    <subfield code="8">MINING</subfield>
    <subfield code="a">JRU</subfield>
    <subfield code="b">JRU</subfield>
    <subfield code="c">SHELF-88-C</subfield>
    <subfield code="d">2022-11-09</subfield>
    <subfield code="e">LOHIA BOOK INTERNATIONAL</subfield>
    <subfield code="g">100.00</subfield>
    <subfield code="l">0</subfield>
    <subfield code="o">624.151-RAH-F </subfield>
    <subfield code="p">27224</subfield>
    <subfield code="r">2023-01-09 00:00:00</subfield>
    <subfield code="w">2022-11-09</subfield>
    <subfield code="y">BK</subfield>
  </datafield>
  <datafield tag="952" ind1=" " ind2=" ">
    <subfield code="0">0</subfield>
    <subfield code="1">0</subfield>
    <subfield code="4">0</subfield>
    <subfield code="7">0</subfield>
    <subfield code="8">MINING</subfield>
    <subfield code="a">JRU</subfield>
    <subfield code="b">JRU</subfield>
    <subfield code="c">SHELF-88-C</subfield>
    <subfield code="d">2022-11-09</subfield>
    <subfield code="e">LOHIA BOOK INTERNATIONAL</subfield>
    <subfield code="g">100.00</subfield>
    <subfield code="l">0</subfield>
    <subfield code="o">624.151-RAH-F </subfield>
    <subfield code="p">27225</subfield>
    <subfield code="r">2023-01-09 00:00:00</subfield>
    <subfield code="w">2022-11-09</subfield>
    <subfield code="y">BK</subfield>
  </datafield>
  <datafield tag="952" ind1=" " ind2=" ">
    <subfield code="0">0</subfield>
    <subfield code="1">0</subfield>
    <subfield code="4">0</subfield>
    <subfield code="7">0</subfield>
    <subfield code="8">MINING</subfield>
    <subfield code="a">JRU</subfield>
    <subfield code="b">JRU</subfield>
    <subfield code="c">SHELF-88-C</subfield>
    <subfield code="d">2022-11-09</subfield>
    <subfield code="e">LOHIA BOOK INTERNATIONAL</subfield>
    <subfield code="g">100.00</subfield>
    <subfield code="l">1</subfield>
    <subfield code="m">1</subfield>
    <subfield code="o">624.151-RAH-F </subfield>
    <subfield code="p">27226</subfield>
    <subfield code="r">2023-03-13 00:00:00</subfield>
    <subfield code="s">2023-02-16</subfield>
    <subfield code="w">2022-11-09</subfield>
    <subfield code="y">BK</subfield>
  </datafield>
  <datafield tag="952" ind1=" " ind2=" ">
    <subfield code="0">0</subfield>
    <subfield code="1">0</subfield>
    <subfield code="4">0</subfield>
    <subfield code="7">0</subfield>
    <subfield code="8">MINING</subfield>
    <subfield code="a">JRU</subfield>
    <subfield code="b">JRU</subfield>
    <subfield code="c">SHELF-88-C</subfield>
    <subfield code="d">2022-11-09</subfield>
    <subfield code="e">LOHIA BOOK INTERNATIONAL</subfield>
    <subfield code="g">100.00</subfield>
    <subfield code="l">1</subfield>
    <subfield code="o">624.151-RAH-F </subfield>
    <subfield code="p">27227</subfield>
    <subfield code="r">2023-02-20 00:00:00</subfield>
    <subfield code="s">2023-02-16</subfield>
    <subfield code="w">2022-11-09</subfield>
    <subfield code="y">BK</subfield>
  </datafield>
</record>
